|
|
|
|
| LEADER |
00810naa a2200289 a 4500 |
| 001 |
000025913 |
| 003 |
SVKKK |
| 005 |
20071025103538.0 |
| 008 |
030616c xo e slo |
| FMT |
|
|
|
| 038 |
|
|
|a SVKKK
|
| 040 |
|
|
|a SVKKK
|b slo
|e AACR2
|
| 041 |
0 |
|
|a slo
|
| 044 |
|
|
|a xo
|c SK
|
| 080 |
|
|
|a 622.77
|2 1981
|
| 100 |
1 |
|
|a Baláž, Peter
|4 aut
|
| 245 |
1 |
0 |
|a Mechanická aktivácia v procesoch extrakčnej metalurgie
|c Baláž Peter,
|
| 300 |
|
|
|b Obr. 3, lit. 6 zázn.
|
| 650 |
0 |
4 |
|a aktivácia mechanická
|x referáty
|
| 650 |
0 |
4 |
|a metalurgia extrakčná
|
| 773 |
0 |
|
|t Metallurgy, refractories and environment
|d Košice : Ústav metalurgie a materiálov HF TU, 1997
|z 80-7099-280-8
|g S. 40-45
|
| 958 |
|
|
|a NB
|
| 974 |
|
|
|d 980619
|a 244
|
| 992 |
|
|
|a RZB
|
| BAS |
|
|
|
| 852 |
|
|
|a SVKKK
|b BIB
|
| 998 |
|
|
|a HUT
|